|
|
|
|
| LEADER |
00000nab a2200000 a 4500 |
| 001 |
vtls000096247 |
| 003 |
SK-MaSNL |
| 005 |
20260304071957.0 |
| 008 |
250423c1981 xo 0 slo |
| 015 |
|
|
|a SNBRB19rr/mm-uuuuu
|
| 035 |
|
|
|a CL0106350
|
| 035 |
|
|
|a urn:nbn:sk:snk-ab2qwm
|
| 035 |
|
|
|a (urnnbn)urn:nbn:sk:snk:ar-a02tog
|
| 035 |
|
|
|a (uuid)dbc6bc78-12ea-4640-bdf7-55a9ee12f4fb
|
| 040 |
|
|
|a SNKBUCL
|b slo
|c SNKBUCL
|e AACR2
|
| 041 |
0 |
|
|a slo
|
| 044 |
|
|
|a xo
|c SK
|
| 080 |
|
|
|a 627
|2 1981
|
| 080 |
|
|
|a 624
|2 1981
|
| 100 |
1 |
|
|a Mikolics, Sándor
|4 aut
|9 1359412
|
| 245 |
1 |
0 |
|a Zakladanie v skalných horninách na stupni Nagymaros
|c Sándor Mikolics
|
| 300 |
|
|
|b Obr. 2.
|
| 650 |
0 |
7 |
|a vodné stavby
|2 snkbucl
|9 68714
|
| 650 |
0 |
7 |
|a Sústava vodných diel Gabčíkovo-Nagymaros
|2 snkbucl
|9 1359411
|
| 655 |
|
7 |
|a články z novín a časopisov
|2 snkbucl
|9 267496
|
| 773 |
0 |
|
|t Inženýrské stavby
|g Roč. 29, č. 7-8 (1981), s. 362-366
|
| 850 |
|
|
|a Slovenská národná knižnica
|
| 852 |
|
|
|a Slovenská národná knižnica
|
| 954 |
|
|
|a odborná, vedecká literatúra pôvodná (slovenská)
|2 lita
|
| 958 |
|
|
|a article2022
|
| 958 |
|
|
|a RK
|
| 958 |
|
|
|a HU
|
| 958 |
|
|
|a OND
|
| 958 |
|
|
|a EUIPO
|
| 992 |
|
|
|a RBX
|
| 999 |
|
|
|c 2763677
|d 2765607
|